THE SUPREME COURT RULES 2013 (Record no. 23973)
[ view plain ]
| 000 -LEADER | |
|---|---|
| fixed length control field | 00276nam a22001217a 4500 |
| 003 - CONTROL NUMBER IDENTIFIER | |
| control field | SGT |
| 082 ## - DEWEY DECIMAL CLASSIFICATION NUMBER | |
| Classification number | 347.051 |
| Item number | BAR |
| 100 ## - MAIN ENTRY--PERSONAL NAME | |
| Personal name | BARE ACT |
| 245 ## - TITLE STATEMENT | |
| Title | THE SUPREME COURT RULES 2013 |
| 260 ## - PUBLICATION, DISTRIBUTION, ETC. (IMPRINT) | |
| Place of publication, distribution, etc | GURGAON |
| Name of publisher, distributor, etc | UNIVERSAL/LEXIS NEXIS |
| Year of Publication | 2023 |
| 300 ## - PAGE DESCRIPTION | |
| No. of Pages | IV , 125 |
| 942 ## - ADDED ENTRY ELEMENTS (KOHA) | |
| Source of classification or shelving scheme | Dewey Decimal Classification |
| Koha item type | Books |
| 942 ## - ADDED ENTRY ELEMENTS (KOHA) | |
| -- | 2 |
| Withdrawn status | Lost status | Source of classification or shelving scheme | Damaged status | Not for loan | Collection code | Home library | Current library | Shelving location | Date acquired | Vendor Name | Cost, normal purchase price | SGTU | Bill Number | Total Checkouts | Full call number | Accession No. (Barcode) | Date last seen | Date last borrowed | Bill Date | Koha item type |
|---|---|---|---|---|---|---|---|---|---|---|---|---|---|---|---|---|---|---|---|---|
| Dewey Decimal Classification | LAW | SGT Science & Social Sciences Library | SGT Science & Social Sciences Library | Text Book | 09/06/2023 | COMMERCIAL BOOK HOUSE | 175.00 | SGTU | 353 | 2 | 347.051 BAR | FLBA325 | 15/10/2024 | 21/08/2024 | 19/05/2023 | Books | ||||
| Dewey Decimal Classification | LAW | SGT Science & Social Sciences Library | SGT Science & Social Sciences Library | Text Book | 09/06/2023 | COMMERCIAL BOOK HOUSE | 175.00 | SGTU | 353 | 347.051 BAR | FLBA326 | 09/06/2023 | 19/05/2023 | Books |